000 00734nam a2200265 i 4500
001 C2-0334623
003 PPAK
005 20180728134403.0
008 151111s2015 my a|||| ||||| | may d
020 _a9789670604770
040 _aPPAK
_beng
_cPPAK
_erda
082 0 4 _a297.18
_223
090 0 0 _a297.18
_bBIR
_dK
100 0 _aB. Irwan,
_eauthor
245 1 0 _aTerima kasih Allah
264 1 _aKuala Lumpur :
_bAna Muslim ,
_c2015
300 _a63 pages :
_bcolour illustrations ;
_c26 cm
336 _2rdacontent
_atext
337 _2rdamedia
_aunmediated
338 _2rdacarrier
_avolume
490 1 _aSiri terima kasih Allah
650 1 0 _aIslamic stories, Malay.
830 0 _aSiri terima kasih Allah
942 _ddc
_cB
999 _c133080
_d133080